Learning Resource and Development

Journal of marketing management. (Record no. 28271)

MARC details
000 -LEADER
fixed length control field 01344cas a2200361 i 4500
001 - CONTROL NUMBER
control field 19025358
005 - DATE AND TIME OF LATEST TRANSACTION
control field 20241003103827.0
008 - FIXED-LENGTH DATA ELEMENTS--GENERAL INFORMATION
fixed length control field 100324c2013 enkzr p 0 0eng c
010 ## - LIBRARY OF CONGRESS CONTROL NUMBER
LC control number 2012268502
022 0# - INTERNATIONAL STANDARD SERIAL NUMBER
International Standard Serial Number 0267-257X
Source 1
040 ## - CATALOGING SOURCE
Original cataloging agency OCLCS
Language of cataloging eng
Description conventions pn
Transcribing agency CSPC
050 00 - LIBRARY OF CONGRESS CALL NUMBER
Classification number HF5415.13
082 14 - DEWEY DECIMAL CLASSIFICATION NUMBER
Classification number 658
Edition number 12
222 #0 - KEY TITLE
Key title Journal of marketing management
Qualifying information (Online)
245 10 - TITLE STATEMENT
Title Journal of marketing management.
260 ## - PUBLICATION, DISTRIBUTION, ETC.
Place of publication, distribution, etc. Helensburgh, Scotland :
Name of publisher, distributor, etc. Westburn Publishers
260 3# - PUBLICATION, DISTRIBUTION, ETC.
Materials specified <2014-> :
Place of publication, distribution, etc. Abingdon, UK :
Name of publisher, distributor, etc. Taylor & Francis
300 ## - PHYSICAL DESCRIPTION
Extent volumes :
Other physical details illustrations ;
Dimensions 25 cm
310 ## - CURRENT PUBLICATION FREQUENCY
Current publication frequency nine times a year,
Date of current publication frequency 20113-
336 ## - CONTENT TYPE
Content type term text
Content type code txt
Source rdacontent
337 ## - MEDIA TYPE
Media type term computer
Media type code c
Source rdamedia
338 ## - CARRIER TYPE
Carrier type term online resource
Carrier type code cr
Source rdacarrier
490 ## - SERIES STATEMENT
Materials specified Printed Journal Collection
500 ## - GENERAL NOTE
General note Includes bibliographical references.
521 ## - TARGET AUDIENCE NOTE
Target audience note <br/>COLLEGE OF TOURISM, HOSPITALITY AND BUSINESS MANAGEMENT (CTHBM)<br/>
650 #0 - SUBJECT ADDED ENTRY--TOPICAL TERM
Topical term or geographic name entry element Marketing
General subdivision Management
Form subdivision Periodicals.
650 #7 - SUBJECT ADDED ENTRY--TOPICAL TERM
Topical term or geographic name entry element Marketing
General subdivision Management.
Source of heading or term fast
Authority record control number or standard number (OCoLC)fst01010209
655 #7 - INDEX TERM--GENRE/FORM
Genre/form data or focus term Periodicals.
Source of term fast
Authority record control number or standard number (OCoLC)fst01411641
710 2# - ADDED ENTRY--CORPORATE NAME
Corporate name or jurisdiction name as entry element Academy of Marketing.
776 08 - ADDITIONAL PHYSICAL FORM ENTRY
Relationship information Print version:
Title MM. Journal of marketing management
International Standard Serial Number 0267-257X
Record control number (DLC)sn 86036241
-- (OCoLC)13616717
942 ## - ADDED ENTRY ELEMENTS (KOHA)
Source of classification or shelving scheme Dewey Decimal Classification
Koha item type Serials
Suppress in OPAC No
Holdings
Withdrawn status Lost status Source of classification or shelving scheme Damaged status Not for loan Home library Current library Shelving location Date acquired Serial Enumeration / chronology Total Checkouts Full call number Barcode Date last seen Copy number Price effective from Koha item type Public note
    Dewey Decimal Classification   On Process Main Library Main Library Serials 10/03/2024 Vol.29, No.15-16 November 2013   Ser BUSS 20 v.29 n.15-16 2013 00153S 10/03/2024 1 10/03/2024 Serials Journal
    Dewey Decimal Classification   On Process Main Library Main Library Serials 01/28/2025 Vol.29, No.13-14 October 2013   Ser BUSS 20 v.29 n. 13-14 2013 00293S 01/28/2025 1 01/28/2025 Serials Journal
    Dewey Decimal Classification   On Process Main Library Main Library Serials 01/28/2025 Vol.29, No.11-12 August 2013   Ser BUSS 20 v.29 n. 11-12 2013 00294S 01/28/2025 1 01/28/2025 Serials Journal